000 00683nam a22002057a 4500
999 _c22527
_d22527
003 AR-CdUCM
008 190426b ||||| |||| 00| 0 spa d
020 _a9788420555492
040 _aMUNICIPALIDAD PROVINCIAL DEL CUSCO
_cBIBLIOTECA MUNICIPAL DEL CUSCO
041 _hspa
082 _a803/A45
_bA45
100 _aÁlvarez, José María
_933447
245 _aFlup y el hámster gigante /
_cJosé María Álvarez, ilustraciones Pau Rodríguez
260 _aMadrid :
_bPearson,
_c2008.
300 _a47 páginas. :
_bilustraciones en color,
_c20x13 cm.
650 _aLiteratura infantil
_9588
700 _aRodríguez Pau
_eilustrador
_933449
942 _2ddc
_cLIBROS
945 _arac